00421nam a2200169 a 450000100060000000300090000600800410001502000150005604000280007108200190009910000250011824500300014326000290017330000110020249000150021365000230022819263CO-ViMGA141112s2004 ck r 000 u spa d a8420634492 aCO-ViMGAbspacCO-ViMGA04aBr 869.3 R671g1 aGuimaraes Rosa, Joao10aGran Sertón : bVeredas aMadrid : bAlianza; 2000 a619 p. aLiteratura14aNOVELA BRASILEÑA